000 00547nam a2200205 a 4500
005 20210219152917.0
008 991125n 000 0 spa u
035 _aUPN01000066862
100 1 _aAlvarez Barret, Luis
222 _aCOMUNICACION EDUCATIVA
245 _aCarlos A. Carrillo
300 _a9
362 0 _a1980 Año 1, no. 2, dic.
653 0 _aCARRILLO, CARLOS A., 1855-1903
653 0 _aEDUCACION PUBLICA
653 0 _aMAESTROS
700 0 1 _aTapia Rodriguez, Santiago,
_ecoaut.
904 _aAC
_b004673
905 _aArticulo
999 _c63704
_d63704